[Event "MCRE_KT20"]
[Site "?"]
[Date "2006.??.??"]
[Round "?"]
[White "Kyhos, Alois"]
[Black "Volf, Michal"]
[Result "1-0"]
[WhiteElo "1951"]
[BlackElo "1809"]
[PlyCount "121"]
[EventDate "2006.??.??"]
[EventType "corr"]
[EventRounds "2"]
[SourceDate "2006.08.10"]

1. d4 d5 2. c4 e6 3. Nc3 Nf6 4. Nf3 Nbd7 5. Bf4 c6 6. e3 Be7 7. Qc2 O-O 8. cxd5
exd5 9. Bd3 Re8 10. O-O Nf8 11. h3 Be6 12. Rab1 Ng6 13. Bh2 c5 14. dxc5 Bxc5
15. Rfd1 Rc8 16. Rbc1 Qe7 17. a3 Red8 18. Qb1 a6 19. Ne2 Bd7 20. b4 Bb6 21. Nc3
Be6 22. Na4 Ba7 23. Nc5 Bxc5 24. Rxc5 Rxc5 25. bxc5 Qxc5 26. Qxb7 Qxa3 27. Qxa6
Qxa6 28. Bxa6 Ra8 29. Bd3 Ne7 30. Nd4 h6 31. Bd6 Nc8 32. Be5 Nd7 33. Bc7 Nc5
34. Bc2 Ra7 35. Bh2 Kf8 36. Rb1 Bd7 37. g4 Ne6 38. Be5 f6 39. Nxe6+ Bxe6 40.
Bd4 Rc7 41. Bd3 Ke7 42. Kg2 Nd6 43. Rb8 Nc4 44. Kg3 Ne5 45. Bh7 Bf7 46. Bb6 Rc1
47. f4 Nc6 48. Rc8 Rc4 49. Bf5 g6 50. Rc7+ Kf8 51. Bd3 Rc3 52. Bd4 Rxd3 53.
Rxc6 Rd1 54. Rxf6 Rc1 55. f5 gxf5 56. gxf5 h5 57. Kf4 Rc8 58. Ra6 Bg8 59. Kg5
Bf7 60. Be5 Re8 61. Kf6 1-0

[Event "MCRE_KT20"]
[Site "?"]
[Date "2006.??.??"]
[Round "?"]
[White "Bubenicek, Miloslav"]
[Black "Tucek, Richard"]
[Result "1-0"]
[WhiteElo "1805"]
[BlackElo "1688"]
[PlyCount "63"]
[EventDate "2006.??.??"]
[EventType "corr"]
[EventRounds "2"]
[SourceDate "2006.08.10"]

1. e4 c5 2. Nf3 d6 3. Bb5+ Bd7 4. Bxd7+ Qxd7 5. c4 e6 6. Nc3 Nf6 7. O-O Be7 8.
d4 cxd4 9. Nxd4 Nc6 10. Be3 O-O 11. f3 Nxd4 12. Bxd4 Rfd8 13. Qb3 d5 14. cxd5
exd5 15. Rad1 Qc6 16. Bxf6 Bxf6 17. Nxd5 Qc5+ 18. Kh1 Rac8 19. Nxf6+ gxf6 20.
Qxb7 Rxd1 21. Rxd1 Rc7 22. Qd5 Qxd5 23. exd5 Kf8 24. d6 Rc8 25. g4 Rd8 26. b4
Ke8 27. Rd5 Kd7 28. Ra5 Kxd6 29. Rxa7 Ke6 30. a4 Rd2 31. Kg1 Rb2 32. b5 1-0